<?xml version="1.0" encoding="UTF-8"?>
<record
    xmlns:xsi="http://www.w3.org/2001/XMLSchema-instance"
    xsi:schemaLocation="http://www.loc.gov/MARC21/slim http://www.loc.gov/standards/marcxml/schema/MARC21slim.xsd"
    xmlns="http://www.loc.gov/MARC21/slim">

  <leader>01177nam a22002297a 4500</leader>
  <controlfield tag="005">20241125152433.0</controlfield>
  <controlfield tag="008">241125b           ||||| |||| 00| 0 eng d</controlfield>
  <datafield tag="020" ind1=" " ind2=" ">
    <subfield code="a">9789358560749</subfield>
  </datafield>
  <datafield tag="040" ind1=" " ind2=" ">
    <subfield code="c">AL</subfield>
  </datafield>
  <datafield tag="041" ind1=" " ind2=" ">
    <subfield code="a">eng</subfield>
  </datafield>
  <datafield tag="082" ind1=" " ind2=" ">
    <subfield code="2">23</subfield>
    <subfield code="a">321.80954</subfield>
    <subfield code="b">FINC</subfield>
  </datafield>
  <datafield tag="100" ind1=" " ind2=" ">
    <subfield code="a">Finger Print</subfield>
    <subfield code="9">186459</subfield>
  </datafield>
  <datafield tag="245" ind1=" " ind2=" ">
    <subfield code="a">Constitution of India</subfield>
  </datafield>
  <datafield tag="260" ind1=" " ind2=" ">
    <subfield code="a">New Delhi</subfield>
    <subfield code="b">Finger Print</subfield>
    <subfield code="c">2024</subfield>
  </datafield>
  <datafield tag="300" ind1=" " ind2=" ">
    <subfield code="a">415p.</subfield>
    <subfield code="b">HB</subfield>
    <subfield code="c">22x14cm</subfield>
  </datafield>
  <datafield tag="365" ind1=" " ind2=" ">
    <subfield code="2">Political Science</subfield>
    <subfield code="a">CCX2-1389031</subfield>
    <subfield code="b">399.00</subfield>
    <subfield code="c">&#x20B9;</subfield>
    <subfield code="d">399.00</subfield>
    <subfield code="e">-</subfield>
    <subfield code="f">15-11-2024</subfield>
  </datafield>
  <datafield tag="520" ind1=" " ind2=" ">
    <subfield code="a">The Constitution of India is the supreme law of India and the longest written constitution in the world. This edition brings you the bare act with the latest amendments and a history of how this imperative document came into being!
A comprehensive document that outlines the framework and structure of India's political system.
Enshrines the principles of democracy.
Reflects a progressive approach to governance.
Reflects changing social, economic, and political conditions over time.
A model for governance and democratic values.</subfield>
  </datafield>
  <datafield tag="650" ind1=" " ind2=" ">
    <subfield code="a">Constitution</subfield>
    <subfield code="9">186457</subfield>
  </datafield>
  <datafield tag="650" ind1=" " ind2=" ">
    <subfield code="a">Political Science</subfield>
    <subfield code="9">186458</subfield>
  </datafield>
  <datafield tag="700" ind1=" " ind2=" ">
    <subfield code="a">FINGER PRINT</subfield>
    <subfield code="9">186460</subfield>
  </datafield>
  <datafield tag="942" ind1=" " ind2=" ">
    <subfield code="2">ddc</subfield>
    <subfield code="c">BK</subfield>
  </datafield>
  <datafield tag="999" ind1=" " ind2=" ">
    <subfield code="c">231989</subfield>
    <subfield code="d">231989</subfield>
  </datafield>
  <datafield tag="952" ind1=" " ind2=" ">
    <subfield code="0">0</subfield>
    <subfield code="1">0</subfield>
    <subfield code="2">ddc</subfield>
    <subfield code="4">0</subfield>
    <subfield code="7">0</subfield>
    <subfield code="8">PS</subfield>
    <subfield code="a">AL</subfield>
    <subfield code="b">AL</subfield>
    <subfield code="d">2024-11-21</subfield>
    <subfield code="e">Amazon </subfield>
    <subfield code="g">399.00</subfield>
    <subfield code="l">1</subfield>
    <subfield code="o">321.80954 FINC</subfield>
    <subfield code="p">077420</subfield>
    <subfield code="r">2025-01-22 00:00:00</subfield>
    <subfield code="s">2025-01-17</subfield>
    <subfield code="v">399.00</subfield>
    <subfield code="w">2024-11-25</subfield>
    <subfield code="y">BK</subfield>
  </datafield>
</record>
